LEADER 02750nam 2200757Ia 450 001 9910783442203321 005 20230617004546.0 010 $a1-280-81289-3 010 $a9786610812899 010 $a0-8157-9634-X 035 $a(CKB)1000000000238734 035 $a(EBL)268834 035 $a(OCoLC)475994857 035 $a(SSID)ssj0000125410 035 $a(PQKBManifestationID)12002875 035 $a(PQKBTitleCode)TC0000125410 035 $a(PQKBWorkID)10027235 035 $a(PQKB)10695395 035 $a(SSID)ssj0000517596 035 $a(PQKBManifestationID)12140242 035 $a(PQKBTitleCode)TC0000517596 035 $a(PQKBWorkID)10488133 035 $a(PQKB)11268382 035 $a(MiAaPQ)EBC268834 035 $a(OCoLC)1017609837 035 $a(MdBmJHUP)muse60869 035 $a(Au-PeEL)EBL268834 035 $a(CaPaEBR)ebr10063899 035 $a(CaONFJC)MIL81289 035 $a(OCoLC)55941983 035 $a(EXLCZ)991000000000238734 100 $a20041016d2004 my 0 101 0 $aeng 135 $aur|n|---||||| 181 $ctxt 182 $cc 183 $acr 200 10$aComing up short$b[electronic resource] $ethe challenge of 401(k) plans 210 $aWashington, D.C. $cBrookings Institution Press$dc2004 215 $a1 online resource (221 p.) 300 $aDescription based upon print version of record. 311 $a0-8157-5897-9 311 $a0-8157-5888-X 320 $aIncludes bibliographical references and index. 327 $aIntroduction -- 401(k) plans and retirement income -- Participation and contributions in 401(k) plans -- Investment decisions in 401(k) plans -- The special case of company stock -- Leakages from 401(k) plans -- Withdrawing 401(k) funds at retirement -- Making pension plans do their job. 330 $aIn this work, two experts on retirement policy analyse 401(k) plans, the fastest-growing type of employer-sponsored pension and a vital source of retirement income for the American middle class. 606 $a401(k) plans 606 $aPension trusts$zUnited States 606 $aDefined contribution pension plans$zUnited States 606 $aOld age pensions$zUnited States 606 $aRetirement income$zUnited States$xPlanning 615 0$a401(k) plans. 615 0$aPension trusts 615 0$aDefined contribution pension plans 615 0$aOld age pensions 615 0$aRetirement income$xPlanning. 676 $a331.25/2 700 $aMunnell$b Alicia Haydock$0122985 701 $aSunden$b Annika E$01507569 801 0$bMiAaPQ 801 1$bMiAaPQ 801 2$bMiAaPQ 906 $aBOOK 912 $a9910783442203321 996 $aComing up short$93738437 997 $aUNINA LEADER 01058nas 2200385 c 450 001 9910896596703321 005 20260218111653.0 024 7 $aurn:nbn:de:bsz:boa-zdb2571039-45 035 $a(DE-599)ZDB2571039-4 035 $a(OCoLC)1184265887 035 $a(DE-101)1006329471 035 $a(CKB)5700000000424915 035 $a(DE-599)2571039-4 035 $a(EXLCZ)995700000000424915 100 $a20100830b20092011 |y | 101 0 $ager 135 $aur||||||||||| 181 $ctxt$2rdacontent 182 $cc$2rdamedia 183 $acr$2rdacarrier 200 10$aJahresrundschreiben / Vfg, Verband fu?r Fischerei und Gewa?sserschutz in Baden-Wu?rttemberg e.V 210 31$aStuttgart$cVfg$d2009-2011 215 $aOnline-Ressource 300 $aGesehen am 15.10.13 608 $aZeitschrift$2gnd-content 676 $a793 676 $a796 676 $a630 801 0$b0024 801 1$bDE-101 801 2$b0024 906 $aJOURNAL 912 $a9910896596703321 996 $aJahresrundschreiben$94222666 997 $aUNINA